| 000 | 00596nam a22002177a 4500 | ||
|---|---|---|---|
| 999 |
_c10042 _d10042 |
||
| 001 | 10042 | ||
| 003 | BD-JhCC | ||
| 005 | 20180404190354.0 | ||
| 008 | 180404s1976 bg ||||| |||| 00| 0 eng d | ||
| 035 | _a(BD-JhCC) 10042 | ||
| 040 |
_aBD-JhCC _dBD-JhCC |
||
| 041 | _aeng | ||
| 082 |
_a330.9549205 _bFAA 1976 |
||
| 100 |
_aFaaland, Just _cJ. R. Parkinson |
||
| 245 |
_aBangladesh the Test Case of Development / _bJust Faaland |
||
| 260 |
_aDhaka; _bUniversity Press Ltd _c1976 |
||
| 300 |
_a203. P : _c21 cm |
||
| 650 |
_aEconomic History _zBangladesh |
||
| 942 |
_2ddc _cBK |
||